000 00456nam a2200181Ia 4500
001 17722
005 20260306171538.0
008 260306s9999||||xx |||||||||||||| ||und||
041 _aESP
082 _a658.15
_bP45A
100 _aPérez-Carballo Veiga, Juan
_eAUT
245 0 _aLa gestión financiera en 100 ejercicios resueltos
260 _c2013
300 _a79 páginas :
_c30 cm.
650 _aGEN
654 _aCAN
942 _cLIB
_dJUS
_fJUS
_2ddc
_n
999 _c17722
_d17722